| 000 | 01047nam a2200253 a 4500 | ||
|---|---|---|---|
| 003 | OSt | ||
| 005 | 20131008160837.0 | ||
| 008 | 131008s2007 ag ||||| |||| 00| 0 spa d | ||
| 040 | _cBiblioteca Medicina | ||
| 041 | _aspa | ||
| 082 | _bMINIST. DE SALUD 0408 | ||
| 100 |
_aMinisterio de Salud _92687 |
||
| 245 | 0 | 0 | _aDireccion de Atencion Primaria de la Salud |
| 250 | _a1ยบ ed | ||
| 260 |
_aLa Plata _bMinisterio de Salud de la Nacion; _bDireccion de Atencion Primaria de la Salud; _cGobierno de la Provincia de Buenos Aires |
||
| 300 | _a212 p. | ||
| 653 | _aATENCION PRIMARIA DE LA SALUD | ||
| 653 | _aATENCION PRIMARIA DE LA SALUD-PROGRAMAS COMUNITARIOS | ||
| 653 | _aATENCION PRIMARIA DE LA SALUD-PROGRAMAS NACIONALES | ||
| 653 | _aSALUD-PROYECTOS COMUNITARIOS | ||
| 942 |
_2ddc _cPH |
||
| 999 |
_c1770 _d1770 |
||
| 952 |
_40 _00 _bBFM _10 _oMINIST. DE SALUD 0408 _d2013-10-08 _tEj. 1 _8NFIC _70 _cCR _2ddc _yPH _aBFM |
||
| 952 |
_40 _00 _bBFM _10 _oMINIST. DE SALUD 0408 _d2013-10-08 _tEj. 2 _8NFIC _70 _cCR _2ddc _yPH _aBFM |
||